Count to 10: EU Official Languages - Statistics

General Stats
  • This quiz has been taken 138 times
  • The average score is 99 of 240
Answer Stats
# Language Answer % Correct
1 French un
93%
6 Irish a sé
91%
1 Italian | Spanish uno
91%
8 English eight
90%
5 English five
90%
4 English four
90%
9 Danish ni
90%
9 English nine
90%
1 English one
90%
7 English seven
90%
6 English | French six
90%
10 English ten
90%
3 English three
90%
3 Danish | Italian | Swedish tre
90%
2 English two
90%
2 Irish a dò
88%
2 Spanish dos
88%
1 German eins
88%
4 Italian quattro
85%
3 Portuguese três
85%
3 Spanish tres
85%
2 German zwei
85%
6 Italian sei
84%
5 French cinq
81%
2 French deux
81%
3 German drei
81%
4 French quatre
81%
2 Lithuanian du
80%
7 French sept
79%
3 French trois
79%
10 French dix
78%
5 German fünf
78%
4 Portuguese quatro
78%
7 German sieben
78%
6 German sechs
76%
4 Dutch | German vier
76%
6 Portuguese | Spanish seis
75%
5 Portuguese | Spanish cinco
74%
9 French neuf
74%
5 Hungarian öt
74%
8 Dutch | German acht
73%
4 Spanish cuatro
73%
8 French huit
73%
9 German neun
73%
8 Spanish ocho
73%
2 Italian due
71%
9 Spanish nueve
71%
7 Italian sette
71%
10 German zehn
70%
1 Danish en
69%
9 Italian | Portuguese nove
69%
7 Spanish siete
69%
8 Italian otto
68%
3 Irish a trí
65%
10 Spanish diez
65%
3 Bulgarian три
64%
3 Croatian | Slovak | Slovene tri
64%
3 Czech tři
64%
5 Italian cinque
63%
2 Danish to
63%
6 Swedish sex
61%
10 Danish ti
61%
10 Italian dieci
60%
2 Croatian | Czech | Slovak dva
54%
1 Polish | Slovak jeden
53%
2 Romanian doi
50%
1 Dutch een
50%
7 Portuguese sete
50%
3 Dutch drie
49%
2 Dutch twee
49%
2 Portuguese dois
46%
2 Polish dwa
46%
1 Portuguese um
46%
1 Swedish ett
44%
5 Danish | Swedish fem
44%
2 Swedish två
44%
6 Dutch zes
44%
7 Dutch zeven
44%
10 Portuguese dez
43%
7 Swedish sju
43%
3 Romanian trei
43%
8 Swedish åtta
41%
10 Dutch tien
41%
5 Dutch vijf
41%
1 Greek ένα
40%
1 Slovene ena
40%
4 Danish fire
40%
9 Dutch negen
40%
9 Swedish nio
40%
6 Danish seks
40%
10 Swedish tio
40%
5 Bulgarian пет
39%
4 Swedish fyra
39%
5 Croatian | Slovene pet
39%
5 Czech pět
39%
5 Polish pięć
39%
1 Romanian unu
39%
8 Portuguese oito
38%
2 Bulgarian две
36%
2 Slovene dve
36%
5 Slovak päť
36%
3 Polish trzy
36%
3 Greek τρία
35%
10 Greek δέκα
35%
8 Danish otte
35%
5 Romanian cinci
34%
8 Polish osiem
34%
9 Bulgarian девет
33%
10 Bulgarian десет
33%
8 Greek οκτώ
33%
10 Croatian | Czech | Slovene deset
33%
9 Croatian | Slovene devet
33%
9 Czech devět
33%
9 Romanian nouă
33%
4 Romanian patru
33%
6 Croatian | Czech | Slovene šest
33%
6 Slovak šesť
33%
4 Polish cztery
31%
8 Romanian opt
31%
7 Romanian şapte
31%
6 Romanian şase
31%
5 Estonian viis
31%
10 Romanian zece
31%
7 Greek επτά
30%
1 Croatian jedan
30%
7 Polish siedem
30%
7 Danish syv
30%
5 Finnish viisi
30%
4 Croatian četiri
29%
6 Polish sześć
29%
8 Bulgarian осем
26%
10 Slovak desať
26%
2 Estonian kaks
26%
2 Hungarian kettö
26%
8 Slovak | Slovene osem
26%
6 Bulgarian шест
25%
9 Slovak deväť
25%
10 Polish dziesięć
25%
9 Polish dziewięć
25%
1 Hungarian egy
25%
4 Greek τέσσερα
24%
3 Hungarian három
24%
7 Hungarian hét
24%
2 Finnish kaksi
24%
4 Hungarian négy
24%
8 Hungarian nyolc
24%
8 Croatian osam
24%
10 Hungarian tíz
24%
9 Greek εννέα
23%
6 Hungarian hat
23%
9 Hungarian kilenc
23%
3 Estonian kolm
21%
7 Bulgarian седем
20%
5 Greek πέντε
20%
7 Slovak | Slovene sedem
20%
1 Finnish yksi
20%
10 Irish a deich
19%
3 Finnish kolme
19%
2 Greek δύο
18%
1 Czech jedna
18%
4 Finnish neljä
18%
9 Irish a naoi
16%
6 Estonian kuus
16%
7 Estonian seitse
16%
1 Estonian üks
16%
6 Finnish kuusi
15%
8 Czech osm
15%
7 Croatian sedam
15%
7 Czech sedm
15%
7 Finnish seitsemän
15%
8 Finnish kahdeksan
14%
3 Latvian trīs
14%
9 Finnish yhdeksän
14%
4 Bulgarian четири
13%
4 Czech čtyři
13%
10 Finnish kymmenen
13%
1 Bulgarian едно
11%
4 Latvian četri
11%
4 Slovak štyri
11%
6 Greek έξι
10%
4 Estonian neli
10%
5 Irish a cúig
9%
7 Irish a seacht
9%
10 Estonian kümme
9%
8 Estonian kaheksa
8%
4 Irish a ceathair
6%
2 Latvian divi
6%
7 Latvian septiņi
6%
6 Latvian seši
6%
6 Lithuanian šeši
6%
4 Slovene štiri
6%
9 Estonian üheksa
6%
1 Maltese wieħed
6%
1 Irish a haon
5%
8 Lithuanian aštuoni
5%
10 Lithuanian dešimt
5%
10 Latvian desmit
5%
9 Lithuanian devyni
5%
7 Lithuanian septyni
5%
3 Maltese tlieta
5%
2 Maltese tnejn
5%
1 Latvian viens
5%
8 Irish a hocht
4%
8 Latvian astoņi
4%
4 Maltese erbgħa
4%
5 Maltese ħamsa
4%
4 Lithuanian keturi
4%
5 Lithuanian penki
4%
5 Latvian pieci
4%
8 Maltese tmienja
4%
3 Lithuanian trys
4%
1 Lithuanian vienas
4%
9 Latvian deviņi
3%
9 Maltese disgħa
3%
10 Maltese għaxra
3%
7 Maltese sebgħa
3%
6 Maltese sitta
3%
No matching quizzes found
Score Distribution
Percent of People with Each Score
Percentile by Number Answered
Your Score History
You have not taken this quiz